[Event "Olympiad Women 2024"]
[Site "Budapest HUN"]
[Date "2024.09.18"]
[Round "7.20"]
[Board "3"]
[White "Janzelj, Lara"]
[Black "Jacimovic, Sara"]
[Result "1/2-1/2"]
[WhiteElo "2193"]
[BlackElo "1981"]
[PlyCount "100"]
[EventDate "2024.09.11"]
[WhiteTeam "Slovenia"]
[BlackTeam "Bosnia & Herzegovina"]
[WhiteTeamCountry "SLO"]
[BlackTeamCountry "BIH"]

1. d4 {ChessBase II} Nf6 2. c4 g6 3. Nc3 Bg7 4. e4 d6 5. Be2 O-O 6. Nf3 e5 7. d5 ({RR} 7. O-O exd4 8. Nxd4 Nc6 9. Be3 Re8 10. f3 Nh5 11. Qd2 Nxd4 ({RR} 11... f5 12. Nxc6 bxc6 13. c5 d5 14. Bg5 Bf6 15. Bxf6 Nxf6 16. exd5 cxd5 17. Bb5 Bd7 18. c6) ({RR} 11... Nf4 12. Rfd1 Nxe2+ 13. Ncxe2 Ne5 14. Rac1 a6 15. b3 Bd7 16. Nc3) 12. Bxd4 Nf4 13. Rfd1 Nxe2+ ({RR} 13... Bxd4+ 14. Qxd4 Qg5 15. Bf1 Be6 16. g3 Nh5 17. Bg2 Qe5 18. f4 Qxd4+ 19. Rxd4) 14. Nxe2 Be6 15. Rac1 Qh4 16. Bxg7 Kxg7 17. Rc3) 7... a5 8. h3 Na6 9. g4 Nc5 10. Qc2 Ne8 11. Bg5 ({RR} 11. Be3) 11... f6 12. Be3 f5 13. gxf5 gxf5 14. Bxc5 $146 ({RR} 14. O-O-O fxe4 15. Nxe4 Nxe4 16. Qxe4 Bf5 17. Qh4 Qd7 18. c5 dxc5 19. Ng5 Nd6 20. Bg4 Qa4 21. Rd2 h6 22. Nf3 Qxa2 23. Kd1 Qb1+ 24. Ke2 Qxh1 25. Rd1 Bxg4 26. Rxh1 Bxf3+ 27. Ke1 Bxh1 {0-1 Sokolov,S-Doroshkievich,V RSFSR-ch 23th 1964}) ({RR} 14. Bg5 Nf6 15. exf5 Qe8 16. Nh4 Nh5 17. O-O-O Nf4 18. Bg4 Qf7 19. Rhg1 Kh8 20. Ne2 Nxe2+ 21. Qxe2 Bf6 22. Bh5 Bxg5+ 23. Rxg5 Qf6 24. Rdg1 Bd7 25. Ng6+ hxg6 26. Bxg6 {1-0 Kuzmin,Y (2125)-Korchagina,V (2123) St Petersburg Winter op 2007 (7)}) ({RR} 14. Bg5 Qd7 15. Nh4 Qf7 16. exf5 h6 17. Be3 Qf6 18. Ng6 Rf7 19. Bg4 h5 20. Ne4 Nxe4 21. Qxe4 hxg4 22. hxg4 Qd8 23. O-O-O Nf6 24. Qg2 Nxg4 25. Qxg4 Bxf5 26. Qh5 Bxg6 27. Qxg6 Qf6 28. Qh7+ Kf8 {1-0 Kolb,T (2307)-Post,H (2245) GER-ch U18 Willingen 2021 (5)}) 14... dxc5 15. O-O-O Nd6 16. Rdg1 Qf6 17. Rg2 Kh8 18. Nd2 Bh6 19. Kb1 Bxd2 20. Qxd2 f4 21. f3 Bd7 22. Nd1 b6 23. Nf2 h5 24. Qc3 Rg8 25. Rhg1 Rxg2 26. Rxg2 Rg8 27. Rxg8+ Kxg8 28. Nd3 Nf7 29. Bf1 Qg5 30. a3 Qg1 31. Qe1 a4 32. h4 Kg7 33. Ka2 Kf6 34. Kb1 Nh8 35. Ka2 Ng6 36. b3 Qg3 37. Qe2 axb3+ 38. Kxb3 Qxh4 39. a4 Kf7 40. a5 Qd8 41. Qh2 bxa5 42. Qxh5 Qb8+ 43. Kc3 Kf6 44. Be2 Qb1 45. Qh7 Ba4 46. Kd2 Qg1 47. Qxc7 Qe3+ 48. Ke1 Qg1+ 49. Kd2 Qe3+ 50. Ke1 Qg1+ 1/2-1/2

[Event "Olympiad Women 2024"]
[Site "Budapest HUN"]
[Date "2024.09.18"]
[Round "7.20"]
[Board "4"]
[White "Mimic, Sofija"]
[Black "Mihelic, Vesna"]
[Result "0-1"]
[WhiteElo "1809"]
[BlackElo "2069"]
[PlyCount "98"]
[EventDate "2024.09.11"]
[WhiteTeam "Bosnia & Herzegovina"]
[BlackTeam "Slovenia"]
[WhiteTeamCountry "BIH"]
[BlackTeamCountry "SLO"]

1. e4 e5 2. Nf3 Nc6 3. Bb5 a6 4. Ba4 Bc5 5. c3 d6 6. O-O Bg4 7. d3 Nge7 8. Nbd2 O-O 9. Re1 ({RR} 9. h3 Bh5 10. g4 Bg6 11. Nh4 f6 12. Ndf3 Bf7 13. d4 Ba7 14. d5 b5 15. Bc2 Na5 16. a4 c6 17. Qd3 cxd5 18. exd5 g6 19. Bh6 Re8 20. axb5 Bxd5 21. Nd2 axb5 22. Qxb5 Bc6 23. Qe2 d5 {1-0 Ilamparthi,A (2414)-Bharath,S (2515) Prague Int Open 2024 (4.2)}) 9... Kh8 10. h3 Bh5 11. g4 $146 ({RR} 11. Nf1 f5 12. Ng3 Bxf3 13. gxf3 f4 14. Nh1 Ng6 15. Kf1 Qh4 16. Bxc6 Qxh3+ 17. Ke2 bxc6 18. b4 Ba7 19. Rg1 Nh4 20. Ng3 fxg3 21. Rxg3 Qh2 22. Be3 Bxe3 23. Kxe3 Ng2+ 24. Kd2 Nf4 25. Ke3 d5 {0-1 Shukhman,A (2238)-Matinian,N (2421) Titled Tue 8th Aug Early 2023 (10)}) 11... Bg6 12. Nf1 f6 13. Ng3 d5 14. Nh4 Bf7 15. Qf3 Qd7 16. Kh2 Rad8 17. Bc2 b5 18. Rg1 d4 19. Ngf5 Be6 20. Qg3 dxc3 21. bxc3 g6 22. Nxe7 Qxe7 23. Be3 b4 24. Ba4 Bd7 25. Nxg6+ hxg6 26. Qh4+ Kg8 27. Bb3+ Be6 28. Bxc5 Qxc5 29. Bxe6+ Kg7 30. g5 fxg5 31. Rxg5 Qxf2+ 32. Qxf2 Rxf2+ 33. Kg1 Rd2 34. cxb4 Kf6 35. Rg3 Kxe6 36. Rxg6+ Kd7 37. Rc1 Ne7 38. Rxa6 Rg8+ 39. Kh1 Rxd3 40. Rh6 Rgg3 41. Kh2 Rge3 42. h4 Rxe4 43. h5 Rxb4 44. Ra1 Nf5 45. Rh7+ Ke6 46. Rxc7 Rh4+ 47. Kg2 Rg3+ 48. Kf2 Rh2+ 49. Kf1 Ne3+ 0-1

[Event "Olympiad Women 2024"]
[Site "Budapest HUN"]
[Date "2024.09.18"]
[Round "7.21"]
[Board "1"]
[White "Shohradova, Lala"]
[Black "Arribas Robaina, Maritza"]
[Result "1/2-1/2"]
[WhiteElo "2030"]
[BlackElo "2143"]
[PlyCount "112"]
[EventDate "2024.09.11"]
[WhiteTeam "Turkmenistan"]
[BlackTeam "Cuba"]
[WhiteTeamCountry "TKM"]
[BlackTeamCountry "CUB"]

1. d4 Nf6 2. c4 e6 3. Nf3 d5 4. Nc3 Be7 5. Bg5 h6 6. Bh4 O-O 7. e3 b6 8. cxd5 exd5 9. Bd3 Nbd7 10. O-O c5 11. Rc1 Bb7 12. Qe2 a6 13. dxc5 ({RR} 13. b3 Re8 14. Rfd1 Ne4 15. Bxe7 Qxe7 16. Na4 Bc6 17. Nc3 Bb7 18. h3 f5 19. Bb1 Qf7 20. Na4 Rac8 21. Bd3 f4 22. Bxa6 fxe3 23. fxe3 Ng3 24. Qf2 Bxa6 25. Qxg3 Rxe3 26. Re1 Qe6 27. Qg4 Qxg4 {0-1 Veingold,A (2430)-Lputian,S (2530) URS-chT Republics 16th Group3 1983 (5)}) ({RR} 13. Rfd1 c4 14. Bb1 b5 15. Ne5 Re8 16. Qf3 Rc8 17. Bf5 Rc7 18. Bxd7 Rxd7 19. Nxd7 Qxd7 20. Bxf6 Bxf6 21. b3 Be7 22. Ne2 b4 23. h3 a5 24. Qh5 c3 25. Nf4 Bf8 26. Nd3 g6 27. Qf3 Qe6 {½-½ Bouaziz,M (2240)-Moussa,A (1805) Sousse BICA op 1st 2021 (6)}) 13... bxc5 14. Rfd1 Re8 15. Bc2 Qa5 $146 ({RR} 15... Qb6 16. Bb3 d4 17. exd4 cxd4 18. Nxd4 Bc5 19. Na4 Qa7 20. Qc4 Bd5 21. Qc3 Bxd4 22. Rxd4 Rac8 23. Qxc8 Qxd4 24. Bxf6 Nxf6 25. Qc5 Qe4 26. f3 Qf4 27. Rd1 Bxf3 28. gxf3 Qxf3 29. Qf2 Qh5 30. Rf1 {1-0 Paehtz,T (2450)-Brueggemann,J (2295) Erfurter Schachtage 1989 (8)}) 16. Bb3 Nb6 17. Qd2 Qb4 18. Na4 Qxd2 19. Rxd2 Nxa4 20. Bxa4 Rec8 21. Rdc2 c4 22. Nd4 g5 23. Bg3 Ne4 24. Nf5 Bf8 25. Re2 Nxg3 26. hxg3 Rc5 27. Bd1 Rb8 28. Rec2 Bc8 29. Nd4 Bd7 30. b3 Rbc8 31. Be2 R5c7 32. bxc4 Ba4 33. Nb3 Ba3 34. Bg4 Bxc1 35. Bxc8 Rxc8 36. Rxc1 dxc4 37. Rc3 Kg7 38. Nd4 Rc5 39. f4 Bc6 40. Kf2 Be4 41. Nf3 Rb5 42. Nd2 Rb2 43. Ke1 Bd3 44. a3 Ra2 45. g4 gxf4 46. exf4 Kg6 47. g3 h5 48. Nxc4 Bxc4 49. gxh5+ Kxh5 50. Rxc4 Rxa3 51. Rc7 Kg4 52. Rxf7 Rxg3 53. f5 Rf3 54. Kd2 Kg5 55. Kc2 Rxf5 56. Rxf5+ Kxf5 1/2-1/2

[Event "Olympiad Women 2024"]
[Site "Budapest HUN"]
[Date "2024.09.18"]
[Round "7.21"]
[Board "2"]
[White "Miranda Llanes, Yerisbel"]
[Black "Agajanova, Meryem"]
[Result "1/2-1/2"]
[WhiteElo "2294"]
[BlackElo "2007"]
[PlyCount "209"]
[EventDate "2024.09.11"]
[WhiteTeam "Cuba"]
[BlackTeam "Turkmenistan"]
[WhiteTeamCountry "CUB"]
[BlackTeamCountry "TKM"]

1. d4 d5 2. c4 e6 3. Nf3 Nf6 4. g3 Bb4+ 5. Bd2 Be7 6. Bg2 O-O 7. O-O dxc4 8. Qc2 a6 9. Qxc4 b5 10. Qc2 Bb7 11. Rc1 Bd6 ({RR} 11... Nc6 12. e3 Nd5 13. a3 Qb8 14. Nc3 Nxc3 15. Bxc3 Rc8 16. h4 h6 17. Bh3 a5 18. Be1 b4 19. Nd2 a4 20. Bg2 bxa3 21. bxa3 Na5 22. Rab1 Bxa3 23. Rd1 Qa7 24. Qxa4 Bxg2 25. Kxg2 Bf8 26. Ne4 {½-½ Svane,R (2623)-Zhigalko,S (2572) Levitov Zhigalko-Svane m blitz 2021 (7)}) 12. Nc3 $146 ({RR} 12. Bg5 Nbd7 13. Nbd2 Rc8 14. Bxf6 Nxf6 15. Nb3 Be4 16. Qc3 Nd7 17. Ne5 b4 18. Qe3 Bxg2 19. Nxd7 Qxd7 20. Kxg2 Qb5 21. Nc5 Rfe8 22. f4 Red8 23. Qe4 Be7 24. Rc2 c6 25. b3 Bxc5 26. Rxc5 Qb7 {1-0 Safin,S (2525)-Kritz,L (2454) Dieren op 2002 (9)}) ({RR} 12. e3 Nbd7 13. Ba5 Qe7 14. Qe2 c5 15. dxc5 Bxc5 16. Nbd2 Rac8 17. a4 Bb4 18. Bxb4 Qxb4 19. axb5 axb5 20. Nd4 Bxg2 21. Kxg2 Qxb2 22. Rcb1 Qc3 23. Nxb5 Qc6+ {½-½ Bakhrillaev,B (2346)-Faizulaev,A (2354) ch-UZB 2024 Tashkent UZB (7.9)}) ({RR} 12. a4 Nbd7 13. axb5 axb5 14. Nc3 Rxa1 15. Rxa1 Qb8 16. Ng5 Bxg2 17. Kxg2 c5 18. dxc5 Bxc5 19. Qb3 b4 20. Nce4 Be7 21. Nxf6+ Nxf6 22. Nf3 Qb7 23. Be3 Ra8 24. Rxa8+ Qxa8 25. Bg5 Qe4 26. Qd1 h6 {½-½ Strybuk,A (2215)-Naumovich,Y (2025) BLR-ch U18 Minsk 2021 (7)}) ({RR} 12. Bg5 Nbd7 13. Bxf6 Nxf6 14. Nbd2 Rc8 15. Nb3 Be4 16. Qc3 Nd5 17. Qa5 Bb4 18. Qxa6 c6 19. Ne5 Bxg2 20. Kxg2 Ne7 21. e4 Qe8 22. a4 f6 23. Nd3 Ra8 24. Qb7 Bd6 25. Nbc5 Bxc5 26. Nxc5 bxa4 {1-0 Hoffmann,M (2469)-Berger,S (2413) Bundesliga 0809 2008 (12.8)}) 12... c5 13. dxc5 Bxc5 14. e4 Nbd7 15. Bg5 h6 16. Bxf6 Qxf6 17. e5 Qe7 18. Qe2 Rac8 19. a3 Rfd8 20. Rc2 Nb6 21. Rac1 Nc4 22. a4 Qe8 23. axb5 axb5 24. Ne4 Ba7 25. b3 Bxe4 26. Qxe4 Nb6 27. Qb7 Rxc2 28. Rxc2 Rd7 29. Qa6 Rd1+ 30. Bf1 Qd7 31. Re2 Qd3 32. Re1 Qxf3 33. Rxd1 Qxd1 34. Qxa7 Nd7 35. Qa8+ Kh7 36. Qe4+ Kg8 37. Qa8+ Kh7 38. Qe4+ g6 39. b4 Qa1 40. Kg2 Nxe5 41. Bxb5 Qb2 42. h3 Kg7 43. Be2 Nd7 44. b5 Nb6 45. Qd3 Qe5 46. Bf3 Qc5 47. Bc6 e5 48. Qf3 Nc4 49. Qd5 Qd4 50. Qxd4 exd4 51. Kf3 d3 52. Bd5 d2 53. Ke2 Nb6 54. Bb3 Kf6 55. Kxd2 Ke7 56. Kc3 f6 57. Kd4 Kd6 58. Bf7 g5 59. Bb3 Nc8 60. Bc2 Ne7 61. Bd3 Nd5 62. Bc2 Ne7 63. Ba4 Nd5 64. Kd3 Kc5 65. Bb3 Ne7 66. Bc4 Nf5 67. Be6 Nd6 68. Bd7 Nf7 69. Ke4 Nd6+ 70. Kf3 Nc4 71. Bc6 f5 72. Ke2 Kd4 73. Bd7 Ke4 74. Be6 Nb6 75. Bb3 f4 76. Bc2+ Ke5 77. Kf3 fxg3 78. fxg3 Nd5 79. Bb3 Nf6 80. Ke3 Nd7 81. Kd3 Nb6 82. Kc3 Ke4 83. Be6 Ke5 84. Bf7 Ke4 85. Kb4 Kd4 86. Ka5 Kc5 87. Be6 Na8 88. Bd7 Nb6 89. Bc6 Nc4+ 90. Ka6 Nd6 91. Bd7 Nc4 92. Kb7 Kd6 93. Be8 Kc5 94. Kc7 Nb6 95. Bc6 h5 96. h4 gxh4 97. gxh4 Nc4 98. Be8 Nd6 99. Bxh5 Nxb5+ 100. Kd7 Nd4 101. Bf7 Nf5 102. h5 Kd4 103. Ke6 Ng7+ 104. Kf6 Nxh5+ 105. Bxh5 1/2-1/2

[Event "Olympiad Women 2024"]
[Site "Budapest HUN"]
[Date "2024.09.18"]
[Round "7.21"]
[Board "3"]
[White "Shohradova, Leyla"]
[Black "Forgas Moreno, Yaniela"]
[Result "1-0"]
[WhiteElo "1873"]
[BlackElo "2203"]
[PlyCount "109"]
[EventDate "2024.09.11"]
[WhiteTeam "Turkmenistan"]
[BlackTeam "Cuba"]
[WhiteTeamCountry "TKM"]
[BlackTeamCountry "CUB"]

1. d4 Nf6 2. Nf3 g6 3. c4 Bg7 4. Nc3 c5 5. d5 d6 6. e4 Na6 7. h3 Nc7 8. Bd3 O-O 9. O-O e5 10. dxe6 ({RR} 10. Bg5 h6 11. Bd2 Nh5 12. Re1 Nf4 13. Bf1 g5 14. Nh2 f5 15. g3 Ng6 16. exf5 Bxf5 17. Bg2 Qf6 18. Qe2 Ne8 19. Ne4 Qe7 20. Ng4 Kh7 21. b4 b6 22. bxc5 dxc5 23. a4 Nd6 24. a5 Kh8 {1-0 Gelfand,B (2755)-Smirin,I (2650) Richard Riordan Blitz 2009 (1)}) 10... Nxe6 11. Bc2 ({RR} 11. Be3 Bd7 12. Qd2 Bc6 13. Rad1 Qa5 14. Nd5 Qxd2 15. Rxd2 Rfe8 16. Bc2 Nd7 17. b3 b5 18. cxb5 Bxb5 19. Rfd1 Ne5 20. Nxe5 Bxe5 21. Bd3 Bc6 22. Bc4 Rab8 23. f3 g5 24. Bf2 Kg7 25. Ne3 Nd4 {0-1 Bluebaum,M (2658)-Postny,E (2597) Titled Tue 13th Feb Early 2024 (4)}) 11... b6 12. Qe2 $146 ({RR} 12. Be3 Ba6 13. b3 Ng4 14. hxg4 Bxc3 15. Rc1 Qe7 16. Qd3 Bg7 17. Rcd1 Rad8 18. Rfe1 Bb7 {½-½ Garcia Palermo,C (2455)-Hernandez Guerrero,G (2510) Benasque op 1993 (5)}) ({RR} 12. Be3 Bb7 13. Qd2 Qd7 14. Rad1 Rad8 15. Rfe1 Bc6 16. Qc1 Qb7 17. Nd5 Rfe8 18. Bh6 Bh8 19. Bd2 a6 20. Bc3 Bxd5 21. exd5 Nf8 22. g4 Rxe1+ 23. Rxe1 Re8 24. b4 Bg7 25. bxc5 bxc5 26. Ba4 Rxe1+ {1-0 Kishnev,S (2520)-Anstad,T Copenhagen op 1991 (4)}) 12... a6 13. Rd1 Qc7 14. Be3 Bb7 15. Nd5 Qd8 16. Qd2 Nd7 17. Nf4 Nxf4 18. Bxf4 Ne5 19. Nxe5 dxe5 20. Bg5 f6 21. Be3 Qc8 22. Qd6 Rb8 23. b4 Rf7 24. Qd3 Bf8 25. bxc5 bxc5 26. Rab1 Qc7 27. Qa3 Ra8 28. Qb3 Kg7 29. f3 Rc8 30. Qc3 Rd8 31. Ba4 Rxd1+ 32. Rxd1 Bc8 33. Qd2 Be6 34. Qd3 g5 35. Rb1 Be7 36. Qb3 Qa5 37. Bc6 Rf8 38. Qb7 Kf7 39. Bd5 Bxd5 40. cxd5 Rd8 41. Qa7 c4 42. Rb7 Qa3 43. Qc5 Qxc5 44. Bxc5 Rb8 45. Rxe7+ Kg6 46. Rc7 Rb2 47. Ba7 Rc2 48. d6 c3 49. Be3 Rxa2 50. Rxc3 Kf7 51. Rc7+ Ke6 52. Bc5 f5 53. exf5+ Kxf5 54. d7 Rd2 55. Be7 1-0

[Event "Olympiad Women 2024"]
[Site "Budapest HUN"]
[Date "2024.09.18"]
[Round "7.21"]
[Board "4"]
[White "Hernandez Gil, Ineymig"]
[Black "Rejepova, Jahan"]
[Result "1/2-1/2"]
[WhiteElo "2160"]
[BlackElo "1915"]
[PlyCount "79"]
[EventDate "2024.09.11"]
[WhiteTeam "Cuba"]
[BlackTeam "Turkmenistan"]
[WhiteTeamCountry "CUB"]
[BlackTeamCountry "TKM"]

1. e4 e6 2. d4 d5 3. Nc3 Bb4 4. Nge2 dxe4 5. a3 Bxc3+ 6. Nxc3 Nc6 7. Bf4 Nf6 8. Bb5 h6 $146 ({RR} 8... Nd5 9. Qd2 O-O 10. O-O-O Qf6 11. Nxd5 exd5 12. Bxc7 Bd7 13. Qf4 Qxf4+ 14. Bxf4 Nxd4 15. Rxd4 Bxb5 16. Rxd5 Bc6 17. Rd2 {½-½ Linnanen,L (2184)-Koskinen,H (2297) FIN-chT 0910 2009 (8.5)}) ({RR} 8... Nd5 9. Bxc6+ bxc6 10. Bd2 Nxc3 11. Bxc3 Ba6 12. Qg4 Qd5 13. Qxg7 O-O-O 14. Qe5 Qxe5 15. dxe5 Rhg8 16. Rg1 h5 17. Rd1 Rxd1+ 18. Kxd1 e3 19. fxe3 c5 20. Ke1 Rg5 21. Kf2 Bb7 22. h4 Rg4 23. g3 {½-½ Swiercz,D (2620)-Mishra,A (2592) ch-USA 2023 Saint Louis USA (7.5)}) ({RR} 8... Nd5 9. Bd2 Nxc3 10. Bxc6+ bxc6 11. Bxc3 Ba6 12. Qg4 Qd5 13. O-O-O O-O-O 14. Rhe1 f5 15. Qg3 g5 16. Qe3 Rhg8 17. a4 Kb7 18. b3 Ka8 19. Bb4 e5 20. Bc5 exd4 21. Bxd4 Qe6 22. f3 c5 23. Bxc5 {1-0 Droin,A (2472)-Gharamian,T (2580) 97th ch-FRA 2024 (1.1)}) ({RR} 8... Bd7 9. Qd2 Ne7 10. O-O-O Ned5 11. Rhe1 Nxc3 12. Bxd7+ Qxd7 13. Qxc3 Nd5 14. Qg3 {½-½ Moreno Sanchis,J (2291)-Pomes Marcet,J (2356) Catalunya-chT 2011 (1)}) 9. Bxc6+ bxc6 10. Qd2 Ba6 11. O-O-O Rb8 12. f3 e3 13. Bxe3 Qe7 14. g4 O-O 15. Qf2 Nd5 16. Nxd5 cxd5 17. Bd2 Rfc8 18. Bb4 Qd7 19. h4 Qa4 20. Rhg1 Rxb4 21. axb4 Qxb4 22. c3 Qa5 23. Qc2 Bb5 24. g5 h5 25. g6 f6 26. Rde1 Bd7 27. b4 Qb5 28. Kd2 Qc4 29. Ra1 Bb5 30. Rge1 e5 31. Qf5 Re8 32. Rxa7 e4 33. Re3 Qb3 34. fxe4 Qb2+ 35. Kd1 Qb1+ 36. Kd2 Qb2+ 37. Kd1 Qb1+ 38. Kd2 Qb2+ 39. Kd1 Qb1+ 40. Kd2 1/2-1/2

[Event "Olympiad Women 2024"]
[Site "Budapest HUN"]
[Date "2024.09.18"]
[Round "7.22"]
[Board "1"]
[White "Tan, Li Ting"]
[Black "Mihok-Juhasz, Barbara"]
[Result "1/2-1/2"]
[WhiteElo "2037"]
[BlackElo "2193"]
[PlyCount "90"]
[EventDate "2024.09.11"]
[WhiteTeam "Malaysia"]
[BlackTeam "Hungary B"]
[WhiteTeamCountry "MAS"]

1. d4 Nf6 2. c4 g6 3. Nc3 Bg7 4. e4 d6 5. h3 O-O 6. Bg5 c5 7. d5 e6 8. Bd3 exd5 9. exd5 Re8+ 10. Nge2 Nbd7 11. O-O ({RR} 11. f4 a6 12. O-O b5 13. cxb5 axb5 14. Bxb5 Qb6 15. Qc2 Ba6 16. a4 Bxb5 17. axb5 Rxa1 18. Rxa1 c4+ 19. Kh2 Qe3 20. Ra4 Nb6 21. Bxf6 Bxf6 22. Ra1 Bxc3 23. Nxc3 Qxf4+ 24. Kh1 Qd4 25. Rd1 Qf2 {1-0 Skatchkov,V (2213)-Balkum,A (2107) Titled Tue 30th Jan Early 2024 (1)}) 11... Ne5 12. Ng3 h6 13. Bf4 a6 $146 ({RR} 13... Nh7 14. Nge2 a6 15. a4 Ng5 16. Bxe5 dxe5 17. f3 f5 18. f4 Nf7 19. a5 e4 20. Bc2 g5 21. Qe1 Nd6 22. b3 Bd7 23. Ra2 Kh8 24. Kh1 Rg8 25. Qf2 Rc8 26. Nd1 Qe7 27. Ne3 Bd4 28. Bd1 {½-½ Petran,P (2420)-Kraschl,J (2320) Budapest Statistika 1995 (10)}) ({RR} 13... Bd7 14. Be2 a6 15. a4 Nh7 16. Qc1 {½-½ Simonian,T (2271)-Savitskiy,S (2345) Moscow WCT 14th 2010 (5)}) 14. Be2 Nh7 15. Qc1 h5 16. Nge4 Bf5 17. Re1 Bxe4 18. Nxe4 f5 19. Ng5 Nxg5 20. Bxg5 Qd7 21. a4 Nf7 22. Bd2 Re7 23. Bc3 Rae8 24. Kf1 Bxc3 25. Qxc3 Re5 26. a5 Qe7 27. Bd3 Qh4 28. b3 Qf4 29. Rxe5 Rxe5 30. Kg1 Ng5 31. Rb1 h4 32. Qc1 Qxc1+ 33. Rxc1 Ne4 34. Bxe4 Rxe4 35. Kf1 Kf7 36. Re1 Rd4 37. Re6 Rd3 38. Rxd6 Rxb3 39. Rb6 Rxb6 40. axb6 g5 41. Ke2 Ke7 42. f4 g4 43. Kd3 Kf6 44. Kc3 Ke7 45. Kd3 Kf6 1/2-1/2

[Event "Olympiad Women 2024"]
[Site "Budapest HUN"]
[Date "2024.09.18"]
[Round "7.22"]
[Board "2"]
[White "Lakos, Nikoletta"]
[Black "Azhar, Puteri Munajjah Az-Zahraa"]
[Result "0-1"]
[WhiteElo "2192"]
[BlackElo "2014"]
[PlyCount "94"]
[EventDate "2024.09.11"]
[WhiteTeam "Hungary B"]
[BlackTeam "Malaysia"]
[BlackTeamCountry "MAS"]

1. e4 e5 2. Nf3 Nc6 3. Bc4 Bc5 4. O-O Nf6 5. d3 d6 6. c3 O-O 7. h3 h6 8. Re1 a6 9. Bb3 Re8 10. Nbd2 Be6 11. Nf1 d5 12. Ng3 Qd7 13. exd5 Bxd5 14. Ne4 $146 ({RR} 14. Bxd5 Nxd5 15. Qb3 Nb6 16. Be3 Bxe3 17. Rxe3 Qe6 18. Qc2 f5 19. Re2 Rad8 20. Rae1 Qf6 21. Qb3+ Kh8 22. d4 e4 23. Nd2 Qg5 24. Nc4 Nxc4 25. Qxc4 Re7 26. Qc5 Rf7 27. Kh2 Qf4 28. b4 Qd6 {0-1 Czernek,T (2340)-Ismayil,M (1941) Titled Tue 18th Oct Early 2022 (4)}) 14... Be7 15. Bc2 Rad8 16. Qe2 b5 17. Nfd2 Be6 18. Nxf6+ Bxf6 19. Ne4 Be7 20. a4 b4 21. Ng3 b3 22. Bb1 Bf8 23. a5 f5 24. Qh5 Qf7 25. Qxf7+ Kxf7 26. f4 Bc5+ 27. Kf1 e4 28. d4 Be7 29. Be3 Bh4 30. Bf2 Bxg3 31. Bxg3 Rd5 32. Bf2 Rxa5 33. Rxa5 Nxa5 34. g4 g6 35. gxf5 gxf5 36. Be3 Nc4 37. Bc1 Rg8 38. Kf2 Bd5 39. Re2 Kg6 40. Kg3 Kh5+ 41. Kh2 Kh4 42. Be3 Nxe3 43. Rxe3 c6 44. c4 Bxc4 45. Rc3 Bd5 46. Re3 a5 47. Rc3 e3 0-1

[Event "Olympiad Women 2024"]
[Site "Budapest HUN"]
[Date "2024.09.18"]
[Round "7.22"]
[Board "3"]
[White "Azhar, Puteri Rifqah Fahada"]
[Black "Karacsonyi, Kata"]
[Result "1/2-1/2"]
[WhiteElo "1947"]
[BlackElo "2233"]
[PlyCount "103"]
[EventDate "2024.09.11"]
[WhiteTeam "Malaysia"]
[BlackTeam "Hungary B"]
[WhiteTeamCountry "MAS"]

1. Nf3 Nf6 2. c4 e6 3. b3 d5 4. Bb2 c5 5. e3 Nc6 6. d3 Bd6 7. Be2 O-O 8. O-O e5 9. cxd5 Nxd5 10. Nc3 $146 ({RR} 10. Nbd2 Qe7 11. a3 f5 12. Nc4 Bc7 13. d4 cxd4 14. exd4 e4 15. Nfe5 Nf4 16. Nxc6 bxc6 17. Ne5 Bxe5 18. Bc4+ Kh8 19. dxe5 Qg5 20. g3 Nh3+ 21. Kh1 f4 22. e6 fxg3 23. fxg3 Nf2+ 24. Rxf2 Rxf2 {0-1 Pagerka,M (2097)-Federic,P (2190) SVK-chT1W 0910 2009 (6.1)}) ({RR} 10. a3 Kh8 11. Nbd2 Qe7 12. Qc2 Bg4 13. Rfe1 Rac8 14. Rac1 b6 15. Qb1 Bb8 16. Bd1 Rfe8 17. Bc2 Qe6 18. Qa1 f6 19. Qb1 Qf7 20. Bd1 Be6 21. Nf1 Red8 22. Ng3 a5 23. Bc2 Qg8 24. Rcd1 Nde7 {½-½ Gvetadze,S (2298)-Ushenina,A (2454) World Blitz Women 2022 (4.23)}) 10... Nxc3 11. Bxc3 f5 12. Qc2 Qe7 13. Nd2 b6 14. Bf3 Bb7 15. Bd5+ Kh8 16. e4 Rf6 17. Rfe1 Raf8 18. f3 Nb4 19. Bxb4 cxb4 20. Bxb7 Qxb7 21. exf5 Rc8 22. Qd1 Bc5+ 23. Kh1 Bd4 24. Rc1 Bc3 25. Re2 Rxf5 26. Ne4 Qd5 27. Rec2 Qd4 28. Nxc3 bxc3 29. Qe1 Qxd3 30. Rxc3 Rxc3 31. Qxc3 Qxc3 32. Rxc3 h6 33. Kg1 Rf7 34. Re3 Re7 35. Kf2 g5 36. g3 Kg7 37. g4 Kf6 38. Rc3 Re6 39. Ke3 Rd6 40. Rd3 Rc6 41. Kd2 b5 42. Rd7 Ra6 43. Kc3 Ke6 44. Rd2 Rc6+ 45. Kd3 h5 46. h3 h4 47. Rc2 Rd6+ 48. Ke2 a6 49. Rc7 Kd5 50. Rc2 a5 51. Rd2+ Ke6 52. Rxd6+ 1/2-1/2

[Event "Olympiad Women 2024"]
[Site "Budapest HUN"]
[Date "2024.09.18"]
[Round "7.22"]
[Board "4"]
[White "Terbe, Zsuzsanna"]
[Black "Nithyalakshmi, Sivanesan"]
[Result "1/2-1/2"]
[WhiteElo "2168"]
[BlackElo "1912"]
[PlyCount "65"]
[EventDate "2024.09.11"]
[WhiteTeam "Hungary B"]
[BlackTeam "Malaysia"]
[BlackTeamCountry "MAS"]

1. d4 f5 2. c4 Nf6 3. Nc3 e6 4. a3 Be7 5. Bf4 b6 ({RR} 5... O-O 6. e3 b6 7. Be2 Bb7 8. Bf3 Qc8 9. d5 Na6 10. b4 Ne8 11. Rc1 Bf6 12. Bg3 Nd6 13. Bxd6 cxd6 14. Nb5 Qb8 15. Ne2 Be7 16. O-O Nc7 17. Nbc3 g5 18. g3 e5 19. g4 f4 20. Kg2 {1-0 Topalov,V (2730)-Rapport,R (2760) Danzhou 12th rapid 2021 (1)}) ({RR} 5... O-O 6. e3 b6 7. Bg3 Bb7 8. Nh3 Qe8 9. Bxc7 d6 10. Nf4 Qd7 11. Bxb8 Raxb8 12. h4 a6 13. Be2 Qd8 14. Nxe6 Qc8 15. Nxf8 Qxf8 16. Bf3 Ne4 17. Nd5 Bxd5 18. cxd5 b5 19. Bxe4 fxe4 20. Qg4 {1-0 Vakhidov,J (2599)-Silva,L (2268) Titled Tue 23rd Apr Early 2024 (1)}) 6. e3 Bb7 7. h4 $146 ({RR} 7. f3 O-O 8. Bd3 Nh5 9. Bg3 Bh4 10. Nge2 Qg5 11. Bxh4 Qxh4+ 12. Kd2 Qe7 13. Qc2 Nc6 14. Ng3 Nf6 15. Nce2 Rad8 16. Rad1 d6 17. Kc1 d5 18. Nf4 Nb8 19. Rhe1 g6 20. Kb1 c6 21. Rc1 Rc8 {1-0 Pleyer,C (1458)-Esche,F (1307) Hessen-ch Gr-E 65th 2011 (5)}) ({RR} 7. Nf3 O-O 8. Be2 Nh5 9. O-O Nxf4 10. exf4 Bf6 11. Rc1 Nc6 12. Re1 Ne7 13. Qd2 h6 14. Qe3 g5 15. d5 Kg7 16. dxe6 gxf4 17. Qxf4 dxe6 18. Rcd1 Ng6 19. Qg3 Qe7 20. Bd3 Qf7 21. Nb5 Bxf3 {0-1 Boyer,M (2412)-Nikolovski,N (2431) Mediterranean-ch 11th 2021 (8)}) 7... d6 8. Nh3 Nbd7 9. Ng5 Nf8 10. Bg3 Qd7 11. Nh3 g6 12. f3 Nh5 13. Bf2 Qd8 14. Nf4 Nxf4 15. exf4 Bf6 16. Qc2 Qe7 17. O-O-O O-O-O 18. Bd3 Qg7 19. Ne2 Nd7 20. Rd2 Kb8 21. Rhd1 Qe7 22. b4 c5 23. Qa4 Bxh4 24. Bxh4 Qxh4 25. dxc5 bxc5 26. Bc2 d5 27. bxc5 Nxc5 28. Qb5 Qe7 29. cxd5 Rxd5 30. Rxd5 exd5 31. Rxd5 Qe3+ 32. Kb2 Rc8 33. Re5 1/2-1/2

[Event "Olympiad Women 2024"]
[Site "Budapest HUN"]
[Date "2024.09.18"]
[Round "7.23"]
[Board "1"]
[White "Borosova, Zuzana"]
[Black "Antonova, Nadezhda"]
[Result "1-0"]
[WhiteElo "2205"]
[BlackElo "1967"]
[PlyCount "97"]
[EventDate "2024.09.11"]
[WhiteTeam "Slovakia"]
[BlackTeam "Tajikistan"]
[WhiteTeamCountry "SVK"]
[BlackTeamCountry "TJK"]

1. e4 c5 2. Nf3 d6 3. Bb5+ Nd7 4. O-O Ngf6 5. Re1 a6 6. Bf1 e6 7. d4 cxd4 8. Nxd4 Be7 9. c4 O-O 10. Nc3 Qc7 11. f3 b6 12. Be3 Bb7 13. Rc1 Rac8 14. Kh1 $146 ({RR} 14. Qd2 Qb8 15. Red1 Rfe8 16. Qf2 Bd8 17. Qg3 Bc7 18. Qf2 d5 19. cxd5 Bxh2+ 20. Kh1 Bg3 21. Qd2 exd5 22. Nde2 Be5 23. exd5 Rcd8 24. f4 Bd6 25. g3 Nc5 26. Bg2 Nfe4 27. Nxe4 Nxe4 28. Qd3 Nc5 {0-1 Fleming,G-Allen,E (2170) USA-chT Amateur East 2007 (1)}) ({RR} 14. b3 Rfe8 15. Qd2 Qb8 16. Red1 Bd8 17. Qf2 Bc7 18. g3 Qa8 19. Rc2 h6 20. Rcd2 Ne5 21. Nc2 d5 22. cxd5 exd5 23. exd5 Bd6 24. Bd4 Nxd5 25. Ne4 Bf8 26. Bg2 f5 27. f4 Nf7 28. Bh3 fxe4 {0-1 Usov,A (2012)-Tissir,M (2379) Wch Rapid Moscow 2019 (6)}) ({RR} 14. a3 Qb8 15. Qd2 Rfd8 16. b4 Ne5 17. Na4 Ba8 18. Qf2 Nfd7 19. Red1 Bf8 20. h3 Ng6 21. Nb2 Bb7 22. Kh1 a5 23. Nb5 axb4 24. axb4 Ba8 25. Qg3 Be7 26. Nxd6 Nf6 27. e5 Nh5 28. Qg4 Nxe5 {1-0 Estrada Nieto,J (2280)-Lu,J (2068) PNWCC Online Blitz JP 21 2021 (6)}) 14... Qb8 15. Bg1 Bd8 16. Nc2 Ne5 17. Ne3 Bc7 18. Qd2 Rfd8 19. Red1 Kh8 20. b4 Qa8 21. Qb2 h5 22. a4 Ng6 23. Bf2 h4 24. h3 Kh7 25. Rd2 a5 26. Rcd1 Bc6 27. Nb5 axb4 28. Qxb4 Bxb5 29. axb5 Nd7 30. Kg1 Nc5 31. Nc2 Rf8 32. Ra1 Qb7 33. Nd4 Ra8 34. Rda2 Rxa2 35. Rxa2 Ra8 36. Qd2 d5 37. Rxa8 Qxa8 38. exd5 exd5 39. Nf5 dxc4 40. Nxh4 Qa1 41. Bd4 Bh2+ 42. Kxh2 Qxf1 43. Qg5 Ne6 44. Qh5+ Kg8 45. Nxg6 fxg6 46. Qd5 Qe2 47. Be5 Kh7 48. Qxe6 c3 49. Qe7 1-0